Fearless lyrics - Statistics

General Stats
  • This quiz has been taken 602 times
  • The average score is 263 of 317
Answer Stats
Lyrics % Correct
a
98%
I
98%
fearless
97%
And
96%
and
96%
You
96%
you
96%
me
95%
it
94%
it,
94%
know
94%
know,
94%
my
93%
My
93%
in
92%
In
92%
this
92%
don't
91%
first,
91%
first
91%
get
91%
hand
91%
head
91%
better
90%
take
90%
than
90%
the
90%
how
89%
so
89%
So
89%
when
89%
gets
88%
to
88%
best
87%
dress,
87%
it's
86%
It's
86%
there,
86%
there
86%
But
85%
but
85%
dance
84%
with
84%
just
83%
of
82%
storm
82%
why,
82%
somethin'
81%
way
81%
way,
81%
bout
80%
Oh,
80%
oh
80%
oh,
80%
There's
80%
I'd
79%
right
79%
yeah
79%
on
78%
rained
78%
street
78%
your
78%
drag
77%
looks
77%
lot,
77%
middle
77%
parking
77%
want
76%
ask
75%
we
75%
walk
71%
if
70%
I'm
70%
not
70%
you're
70%
car
69%
drive
69%
wanna
69%
makin'
68%
hair
67%
hands
67%
now
66%
pavement
65%
glow
64%
road,
64%
road
64%
run
64%
'Cause
63%
cool,
63%
here
63%
kiss,
63%
through
63%
wonder
63%
really
62%
up
62%
hard
61%
out
61%
something,
61%
caught
60%
tryin'
60%
down
59%
We're
59%
put
58%
Absent
57%
flawless,
57%
off
57%
town
57%
capture
56%
drivin'
56%
eyes
56%
one
56%
remember
56%
little
55%
moment
55%
slow,
55%
stay
55%
baby
54%
mindedly
54%
more
53%
shake,
53%
pull
52%
seat,
52%
usually
52%
passenger
51%
horse
50%
'til
50%
stood
43%
Well
38%
doorway
34%
brave
32%
No matching quizzes found
Score Distribution
Percent of People with Each Score
Percentile by Number Answered
Your Score History
You have not taken this quiz